Countries by ice cream consumption per capita - Statistics

General Stats
  • This quiz has been taken 328 times
  • The average score is 10 of 15
Answer Stats
Hint Answer % Correct
20.4 The United States of America
99%
7.0 United Kingdom
92%
8.0 Italy
91%
10.6 Canada
89%
18.0 Australia
87%
28.4 New Zealand
80%
1.0 The People's Republic of China
80%
12.0 Sweden
71%
9.8 Denmark
67%
8.4 Ireland
66%
14.2 Finland
65%
1.5 Thailand
43%
2.4 Singapore
42%
0.8 The Philippines
34%
1.9 Malaysia
33%
No matching quizzes found
Score Distribution
Percent of People with Each Score
Percentile by Number Answered
Your Score History
You have not taken this quiz